Health promotion in nursing practice / (Record no. 1816)

MARC details
000 -LEADER
fixed length control field 00719cam a22002414a 4500
020 ## - INTERNATIONAL STANDARD BOOK NUMBER
ISBN 0130319503 (paper)
050 00 - CALL NUMBER
Classification number RT67
Item number .P38 PEN REF
100 1# - AUTHOR
Personal name Pender, Nola J.,
245 10 - TITLE
Title Health promotion in nursing practice /
Statement of responsibility, etc Nola J. Pender, Carolyn L. Murdaugh, Mary Ann Parsons.
250 ## - EDITION
Edition statement 4th ed.
260 ## - PUBLICATION INFORMATION
Place of publication Upper Saddle River, NJ :
Name of publisher Prentice Hall,
Year of publication c2002.
300 ## - DESCRIPTION
Number of Pages xi, 340 p. :
Other physical details ill. ;
Dimensions 24 cm.
650 #0 - SUBJECTS
Topical Term Health promotion.
650 #0 - SUBJECTS
Topical Term Preventive health services.
650 #0 - SUBJECTS
Topical Term Nursing.
650 12 - SUBJECTS
Topical Term Health Promotion
650 12 - SUBJECTS
Topical Term Nursing Care
650 22 - SUBJECTS
Topical Term Health Behavior
650 22 - SUBJECTS
Topical Term Health Policy
700 1# - OTHER AUTHORS
Personal name Murdaugh, Carolyn L.
700 1# - OTHER AUTHORS
Personal name Parsons, Mary Ann.
942 ## - ADDED ENTRY ELEMENTS (KOHA)
Koha item type Books
Holdings
Withdrawn status Lost status Home library Current library Shelving location Date acquired Full call number Accession Number Koha item type
    Methodist University Library Wenchi Nursing Methodist University Library Wenchi Nursing General Stacks 18/01/2018 RT67 .P38 PEN REF 38320 Books
Copyright © 2026  MUG Library